Nyugdíjjárulék felemelése
Elmentve itt :
| Dokumentumtípus: | Cikk |
|---|---|
| Megjelent: |
1930
|
| Sorozat: | Polgári jog : a hazai és külföldi magánjog és hiteljog szemléje
6 |
| Kulcsszavak: | Ügyvédség nyugdíjjárulék |
| Online Access: | http://misc.bibl.u-szeged.hu/5473 |
| LEADER | 00552nab a2200157 i 4500 | ||
|---|---|---|---|
| 001 | misc5473 | ||
| 005 | 20191106142619.0 | ||
| 008 | 170607s1930 hu o 0|| hun d | ||
| 040 | |a SZTE Miscellanea Repozitórium |b hun | ||
| 041 | |a hun | ||
| 245 | 0 | 0 | |a Nyugdíjjárulék felemelése |h [elektronikus dokumentum] |
| 260 | |c 1930 | ||
| 300 | |a 45a | ||
| 490 | 0 | |a Polgári jog : a hazai és külföldi magánjog és hiteljog szemléje |v 6 | |
| 695 | |a Ügyvédség nyugdíjjárulék | ||
| 856 | 4 | 0 | |u http://misc.bibl.u-szeged.hu/5473/1/polgari_jog_1930_045a.pdf |z Dokumentum-elérés |